Statistics for Enemy-Imagine Dragons

Click here to take the quiz!

General Stats

  • This quiz has been taken 231 times
    (230 since last reset)
  • The average score is 218 of 392

Answer Stats

Lyrics% Correct
The
97%
Enemy
95%
My
95%
I
92%
To
92%
Be
90%
When
90%
A
86%
You
86%
Want
84%
Everybody
83%
Misery
80%
Oh
80%
Wants
80%
Up
74%
Your
74%
So
73%
For
71%
Wake
71%
That
68%
They
66%
On
64%
Of
63%
Sympathy
63%
Tell
63%
Hate
61%
Spare
61%
Us
61%
But
60%
Look
60%
Out
58%
Greatest
57%
I’m
57%
Turn
57%
Once
55%
Silence
54%
Who
54%
Yourself
52%
Told
50%
In
49%
Mind
49%
Ground
48%
Is
48%
Sounds
48%
Stories
48%
You’re
48%
Are
47%
Ear
47%
Pray
46%
An
45%
Me
45%
Around
44%
Run
43%
Searching
43%
It
42%
Allows
40%
Back
40%
Behold
39%
And
38%
Was
36%
With
36%
World
36%
As
34%
Ready
34%
Smiling
33%
No
32%
Turned
32%
I’ve
31%
Praying
31%
What
31%
Go
30%
Been
29%
Time
27%
Wall
27%
Words
27%
Fall
25%
We
25%
Where
25%
‘Em
24%
Hoping
24%
Somebody
24%
Never
23%
Hope
22%
It’s
22%
Like
21%
Names
21%
Show
21%
At
20%
Called
20%
Halls
20%
Laughter
20%
Swear
20%
Waiting
20%
Way
20%
I’ll
19%
Mic
19%
Stack
19%
Know
18%
Hasta
17%
Luego
17%
Spit
17%
Away
16%
Emotions
16%
Saint
16%
Let
15%
Wreck
15%
Astronaut
14%
Okay
14%
Put
14%
Uh
14%
Floor
13%
Just
13%
Nobody
13%
Off
13%
Pedal
13%
Top
13%
Being
12%
P-P-Posted
12%
‘Cause
11%
Cause
11%
Road
11%
Staying
11%
Energy
10%
Long
10%
Not
10%
Planet
10%
‘Posed
10%
Unavailable
10%
Whenever
10%
Had
9%
Into
9%
Shape
9%
Trail
9%
Wanna
9%
About
8%
Because
8%
Blasted
8%
Box
8%
I’ma
8%
Matter
8%
Rock
8%
Thinkin’
8%
Ain’t
7%
Catastrophe
7%
Don’t
7%
Havoc
7%
Outta
7%
Plot
7%
Quarterback
6%
Talkin’
6%
Throat
6%
Trot
6%
Automatic
5%
Batter
5%
Huh
5%
Kinda
5%
More
5%
Opposition
5%
Shocking
5%
Thought
5%
Wreaking
5%
Baddest
4%
Matters
4%
Pack
4%
Panic
4%
Precision
4%
Sacking
4%
Static
4%

Score Distribution

Percentile by Number Answered

Percent of People with Each Score

Your Score History

You have not taken this quiz since the last reset